Most Uneven Countries - Statistics

General Stats
  • This quiz has been taken 30 times
  • The average score is 8 of 10
Answer Stats
Gap(ft) Answer % Correct
29,534 China
97%
28,177 India
97%
28,799 Nepal
97%
24,518 Bhutan
93%
28,251 Pakistan
90%
23,734 Afghanistan
80%
22,979 Kyrgyzstan
80%
23,606 Tajikistan
80%
23,432 Kazakhstan
70%
23,179 Argentina
63%
No matching quizzes found
Score Distribution
Percent of People with Each Score
Percentile by Number Answered
Your Score History
You have not taken this quiz